000 00857nam a2200229 a 4500
001 BRCA_1763
005 20190320203535.0
008 871013s1986 mx-a---###---f000-0#spa-#
020 _a9688203025
040 _aDLC
_cDLC
_dDLC
050 4 _aF1386.8
_b.F84 1986
100 1 _aFuentes, Carlos
_95026
245 1 0 _aPalacio Nacional
_ctextos Carlos Fuentes, Guillermo Tovar y de Teresa ; coordinación general y dirección artística Nicolás H. Sánchez-Osorio.
260 _aMéxico
_bPresidencia de la República : Dirección General de Comunicación Social
_c1986
300 _a115 p.
_bil. a color
_c32 cm.
500 _aColección Sonia Corcuera de Mancera
610 2 4 _aPalacio Nacional
_zCiudad de México
_92405
700 1 _aTovar de Teresa, Guillermo
_d1956-
_9559
700 1 _aSánchez-Osorio, Nicolás H
_95497
902 _aDSC
942 _2lcc
_cB
999 _c1546
_d1546